000 01193nam a22002055i 4500
001 167678
003 ES-MaACL
005 20250929063249.0
008 990315m18581875fr a |||| | fre d
040 _aCCPB | B
_bspa
_cCCPB | B
100 1 _aViollet-Le-Duc, Eugène Emmanuel,
_d1814-1879
_9133788
245 1 0 _aDictionnaire raisonné de l'architecture française du XIe au XVIe siècle /
_cpar Viollet-Le-Duc.
260 _aParis :
_bA. Morel,
_c1858-1875 (
_fimprimerie de E. Martinet)
300 _a10 v. :
_bil. ;
_c25 cm.
596 _aDe los v. III al v. VI el ed. es B. Bance, y el imp. Bonaventure et Ducessois ; a partir del vol. VI el ed. es A. Morel & C. y el imp. Comte-Jacquet.
597 _aV.1. (XVI, 506 p.) -- v.2. (544 p.) -- v.3. (512 p.) -- v.4. (509 p.) -- v.5. (563 p.) -- v.6. (458 p.) -- v.7. (570 p.) -- v.8. (523 p.) -- v.9. (554 p.) -- v.10. ([433] p.)
650 7 _aArquitectura francesa
_2
_9151547
852 _aES-MaACL
_jB-1220-29
_z-- Enc. hol.
_x-- Edic.: En estos ejemplares los t.I-VI (1858-1863)tienen ed. e imp. como en el cuerpo de la ficha; los t.VII-X (1864-1868) ed. A. Morel e imp. Imprimerie de E. Martinet
999 _c167678
_d167678